| 000 | 00634nam a2200193 i 4500 | ||
|---|---|---|---|
| 001 | 43777 | ||
| 003 | ES-MaACL | ||
| 005 | 20260526163141.0 | ||
| 007 | t| | ||
| 008 | 030318s1883 sp |||| | spa d | ||
| 245 | 0 | 0 |
_aCausas criminales de la Mano Negra vistas en juicio oral y público _b: robo y homicidio en el Puerto, asesinato en Arcos, asesinato en la parrilla. |
| 260 |
_aJerez : _b[s.n., _c1883] ( _fImp. de El Cronista) |
||
| 610 | 2 | 4 |
_aLa Mano Negra. _9155455 |
| 650 | 7 |
_aAnarquismo _2embne _99783 |
|
| 650 | 4 |
_aAnarquismo- _zAndalucía. _9169522 |
|
| 852 |
_aES-MaACL _jT-1244-F-5 |
||
| 942 | _2udc | ||
| 999 |
_c43777 _d43777 |
||